01279nam a2200325Ia 4500001000700000003000500007008004100012010001100053040000900064090001600073100003500089245014400124260004100268300002100309502007600330650002000406650002400426650005200450650003800502650003200540650003700572901001600609902000600625910000900631942000600640942000600646999001900652952014100671952014100812Z_2381CHAP220113s1994 xx 000 0 und d a165438 cCHAP aTesis N 895 aNavarro Ramírez, Juan980589 aPredicción de valores genéticos para crecimiento predestete en ganado pardo suizo en trópico húmedo /cpor Juan Navarro Ramírez aChapingo, Méx. :bEl autor,c1994 a79 h. : gráfs. aTesis (Ing. Agr. Esp. en Zootecnia) -- UACH. Departamento de Zootecnia aDestete 932201 aGanado Pardo Suizo  aGanado vacunoxEfecto del medio ambiente945459 aGanado vacunoxGenética 945470 aGanado vacunoxPeso 945504 aGanado vacunoxVeracruz 9137839 aTESIS N 895 aM a1994 c2 c2 c165438d165438 00102local4051708TESISaZbZd2005-11-09eEl autorl0oTesis N38 895 1994p5101001298r2022-01-18 00:00:00tEj.1w2022-01-18yTESIS 00102local4055708TESISaZbZd2005-11-09eEl autorl0oTesis N38 895 1994p5101001299r2022-01-18 00:00:00tEj.2w2022-01-18yTESIS